| 000 | 00405nam a2200133Ia 4500 | ||
|---|---|---|---|
| 008 | 230917s9999||||xx |||||||||||||| ||und|| | ||
| 040 |
_e91713 _aMAIN |
||
| 041 | _aEnglish | ||
| 082 | _a371.1 P884C | ||
| 100 | _aPrahlad Singh | ||
| 245 | 0 | _aComparative study of job satisfaction among government and private school teachers with reference to their personality dimensions | |
| 300 | _a74 p. | ||
| 942 | _cTH | ||
| 999 |
_c86289 _d86289 |
||